Online
Catalog

Kafka para principiantes. / (Record no. 39130)

MARC details
000 -CABECERA
campo de control de longitud fija 00498nam a2200157 a 4500
001 - NÚMERO DE CONTROL
campo de control 000039640
005 - FECHA Y HORA DE LA ÚLTIMA TRANSACCIÓN
campo de control 20201002033643.0
008 - DATOS DE LONGITUD FIJA--INFORMACIÓN GENERAL
campo de control de longitud fija 130712s2004 ag a 000 c spa d
020 ## - NÚMERO INTERNACIONAL ESTÁNDAR DEL LIBRO
Número Internacional Estándar del Libro 9879065093
040 ## - FUENTE DE LA CATALOGACIÓN
Centro catalogador/agencia de origen DO-SdBNP
100 1# - ENTRADA PRINCIPAL--NOMBRE DE PERSONA
Nombre de persona Zane Mairowitz, David
9 (RLIN) 65825
245 10 - MENCIÓN DE TÍTULO
Título Kafka para principiantes. /
Mención de responsabilidad, etc. David Zane Mairowitz; ilustraciones, Robert Crumb.
260 ## - PUBLICACIÓN, DISTRIBUCIÓN, ETC.
Lugar de publicación, distribución, etc. Buenos Aires, Argentina :
Nombre del editor, distribuidor, etc. Era naciente,
Fecha de publicación, distribución, etc. 2004.
300 ## - DESCRIPCIÓN FÍSICA
Extensión 175 p. :
Otras características físicas il. ;
Dimensiones 20 cm.
700 1# - PUNTO DE ACCESO ADICIONAL--NOMBRE DE PERSONA
Nombre de persona Crumb, Robert
Término indicativo de función/relación il.
9 (RLIN) 65826
Holdings
Estado de retiro Estado de pérdida Restricciones de uso No para préstamo Código de colección Localización permanente Ubicación/localización actual Ubicación en estantería Fecha de adquisición Número de inventario Total de préstamos Signatura topográfica completa Código de barras Fecha visto por última vez Precio válido a partir de Tipo de ítem Koha
      Excluido de préstamo Monografías: Libros y Folletos General General En catalogación 12.07.2013 LF1   39640-10 25.06.2020 25.06.2020 No se presta

Powered by Koha